000 00722nam a2200289Ia 4500
005 20260324133245.0
008 008 260324s9999 xx 000 0 eng d
020 _a9780429088063
037 _aEBOOK
040 _aCRL
040 _beng
040 _cCRL
041 _2eng
041 _aeng
084 _qCRL
100 _aStuart Cooper; Sheardown
_91192399
245 0 _aCells, Proteins and Materials
245 0 _bFestschrift in Honor of the 65th Birthday of Dr. John L. Brash
260 _bTaylor and Francis
260 _c2003
365 _a
365 _b560
856 _uhttp://www.taylorfrancis.com/books/9780429088063
942 _cEBOOK
999 _c1791281
_d1791281